[Event "Madrid-ch Seniors 65+"]
[Site "Madrid"]
[Date "2022.04.27"]
[Round "7"]
[White "Becerra Baigorri, Jose"]
[Black "Cabrera Jimenez, Julio"]
[Result "1/2-1/2"]
[WhiteElo "1545"]
[BlackElo "1757"]
[PlyCount "92"]
[EventDate "2022.04.18"]
[EventType "swiss"]
[EventRounds "7"]
[EventCountry "ESP"]
[SourceTitle "EXT 2023"]
[Source "ChessBase"]
[SourceDate "2022.10.05"]
[SourceVersion "1"]
[SourceVersionDate "2022.10.05"]
[SourceQuality "1"]

1. e4 c5 2. Nf3 d6 3. Nc3 Nf6 4. Be2 Nc6 5. d4 cxd4 6. Nxd4 e6 7. Be3 a6 8. Nxc6 bxc6 9. 0-0 Be7 10. f4 0-0 11. Bf3 Bb7 12. Qd2 Qc7 13. Rad1 Rfd8 14. Qf2 c5 15. f5 exf5 16. exf5 Bxf3 17. Qxf3 Rab8 18. Bc1 Rd7 19. Nd5 Nxd5 20. Rxd5 Bf6 21. b3 c4 22. Rfd1 cxb3 23. cxb3 Qc2 24. R5d2 Qc5+ 25. Kh1 Re8 26. Rd5 Qb6 27. Bf4 Qb4 28. Bg3 Rde7 29. h3 Be5 30. Bxe5 Rxe5 31. Rxd6 Re1+ 32. Kh2 Rxd1 33. Rxd1 Qa5 34. a4 Qe5+ 35. Kh1 h6 36. Qd3 Qb2 37. Qxa6 Qxb3 38. Rf1 Qd5 39. Qb5 Qe4 40. Qd7 Ra8 41. Ra1 Qe5 42. Rd1 Ra5 43. Rf1 f6 44. Qc8+ Kh7 45. Qc2 Qe8 46. Ra1 Qe5 1/2-1/2

[Event "Collado Villalba op-A 32nd"]
[Site "Collado Villalba"]
[Date "2015.08.30"]
[Round "9"]
[White "Cabrera Jimenez, Julio"]
[Black "Camarero Izquierdo, Juan Carlos"]
[Result "0-1"]
[WhiteElo "1801"]
[BlackElo "1931"]
[PlyCount "110"]
[EventDate "2015.08.22"]
[EventType "swiss"]
[EventRounds "9"]
[EventCountry "ESP"]
[SourceTitle "EXT 2016"]
[Source "ChessBase"]
[SourceDate "2015.10.08"]
[SourceVersion "1"]
[SourceVersionDate "2015.10.08"]
[SourceQuality "1"]

1. e4 c5 2. Nf3 d6 3. d4 cxd4 4. Nxd4 Nf6 5. Nc3 a6 6. Be3 e6 7. Be2 Be7 8. Qd2 b5 9. Bf3 e5 10. Nf5 0-0 11. Nxe7+ Qxe7 12. Bg5 Be6 13. 0-0 Rd8 14. Nd5 Bxd5 15. exd5 Nbd7 16. Rfe1 Rdc8 17. Bg4 Rc7 18. f4 Qf8 19. Bf3 Rac8 20. c3 Ne8 21. Qf2 f6 22. Bh4 exf4 23. Qe2 Ne5 24. Be4 g5 25. Bf2 f5 26. Bb1 g4 27. Kh1 Ng7 28. Bd4 Re8 29. Bxe5 Rxe5 30. Qd2 Rxe1+ 31. Qxe1 Re7 32. Qd2 Qe8 33. Bd3 Re3 34. a4 Qe5 35. c4 bxa4 36. Bf1 f3 37. gxf3 Rxf3 38. Re1 Qf4 39. Qxf4 Rxf4 40. Kg2 Rd4 41. Ra1 Rd2+ 42. Kg1 f4 43. Rxa4 Nf5 44. Ra1 Nh4 45. Kh1 Rxb2 46. Rd1 Rc2 47. c5 Rxc5 48. Bxa6 Nf3 49. Be2 Ne5 50. Kg1 h5 51. h3 f3 52. Bf1 g3 53. h4 Rc2 54. Bh3 Rh2 55. Be6+ Kg7 0-1

[Event "Collado Villalba op 30th"]
[Site "Collado Villalba"]
[Date "2013.08.26"]
[Round "4"]
[White "Garcia Galeote, Lorenzo"]
[Black "Cabrera Jimenez, Julio"]
[Result "0-1"]
[WhiteElo "1987"]
[BlackElo "1854"]
[PlyCount "78"]
[EventDate "2013.08.23"]
[EventType "swiss"]
[EventRounds "9"]
[EventCountry "ESP"]
[SourceTitle "CBM 156 Extra"]
[Source "ChessBase"]
[SourceDate "2013.10.22"]
[SourceVersion "1"]
[SourceVersionDate "2013.10.22"]
[SourceQuality "1"]

1. b3 d5 2. Bb2 Nf6 3. e3 c5 4. Nf3 Nc6 5. d4 Bf5 6. Be2 h6 7. 0-0 e6 8. a3 Be7 9. Nbd2 0-0 10. c4 cxd4 11. Nxd4 Nxd4 12. Bxd4 b6 13. Bf3 Rc8 14. cxd5 exd5 15. b4 Bd6 16. Rc1 Rxc1 17. Qxc1 Qb8 18. g3 Rc8 19. Qa1 Be7 20. Rc1 Qb7 21. Rc3 Ne8 22. Qa2 Rxc3 23. Bxc3 Be4 24. Qb2 Bf6 25. Bxf6 Nxf6 26. Qd4 Bxf3 27. Nxf3 Qa6 28. Qb2 Qd3 29. Nd4 Qd1+ 30. Kg2 Ne4 31. b5 Nd2 32. Kh3 Qf1+ 33. Kg4 Qxf2 34. Qc2 g6 35. Qc8+ Kg7 36. Qe8 Qf6 37. Kh3 Ne4 38. Qc8 Qf1+ 39. Kg4 Nf6+ 0-1

[Event "Collado Villalba op 30th"]
[Site "Collado Villalba"]
[Date "2013.08.24"]
[Round "2"]
[White "Perez Gonzalez, Jose Manuel"]
[Black "Cabrera Jimenez, Julio"]
[Result "1-0"]
[WhiteElo "2326"]
[BlackElo "1854"]
[PlyCount "53"]
[EventDate "2013.08.23"]
[EventType "swiss"]
[EventRounds "9"]
[EventCountry "ESP"]
[SourceTitle "CBM 156 Extra"]
[Source "ChessBase"]
[SourceDate "2013.10.22"]
[SourceVersion "1"]
[SourceVersionDate "2013.10.22"]
[SourceQuality "1"]

1. e4 c5 2. Nf3 d6 3. d4 cxd4 4. Nxd4 Nf6 5. Nc3 a6 6. Bc4 e6 7. 0-0 b5 8. Bb3 Be7 9. Qf3 e5 10. Nf5 Bxf5 11. exf5 Nbd7 12. Be3 0-0 13. Rad1 Qc7 14. g4 b4 15. Na4 e4 16. Qg2 h6 17. Kh1 Rfe8 18. h4 Nh7 19. g5 hxg5 20. hxg5 Bf8 21. g6 Ne5 22. gxh7+ Kxh7 23. Nb6 Rad8 24. Qh3+ Kg8 25. Kg2 g6 26. f6 g5 27. Rh1 1-0

[Event "Villalba op 1st"]
[Site "Villalba"]
[Date "2013.08.04"]
[Round "9.10"]
[White "Cabrera Jimenez, Julio"]
[Black "Serrano Garcia, Vicente"]
[Result "1-0"]
[WhiteElo "1851"]
[BlackElo "1806"]
[PlyCount "103"]
[EventDate "2013.07.27"]
[EventType "swiss"]
[EventRounds "9"]
[EventCountry "ESP"]
[SourceTitle "EXT 2024"]
[Source "ChessBase"]
[SourceDate "2023.10.10"]
[SourceVersion "1"]
[SourceVersionDate "2023.10.10"]
[SourceQuality "1"]

1. e4 e6 2. d4 d5 3. Nc3 Bb4 4. e5 c5 5. a3 Ba5 6. b4 cxd4 7. Nb5 Bc7 8. Nxc7+ Qxc7 9. Qxd4 Bd7 10. f4 Qxc2 11. Bd2 Nc6 12. Qf2 Qe4+ 13. Ne2 a6 14. Be3 Nh6 15. Ng3 Qg6 16. Bc5 Ng4 17. Qf3 h5 18. Bd3 Ngxe5 19. fxe5 Nxe5 20. Bxg6 Nxf3+ 21. Kf2 h4 22. Ne2 Ne5 23. Bc2 Bb5 24. h3 Nd7 25. Bd6 Nf6 26. Nd4 Bc4 27. Rhe1 Kd7 28. Bc5 b5 29. a4 Kc7 30. axb5 axb5 31. Rxa8 Rxa8 32. Kg1 Ra2 33. Bb3 Bxb3 34. Nxb3 Ne4 35. Bd4 f6 36. Ra1 Rxa1+ 37. Nxa1 Ng3 38. Kf2 e5 39. Bb2 d4 40. Nc2 Kd6 41. Na3 Kd5 42. Bc1 Ne4+ 43. Kf3 Nc3 44. Kg4 e4 45. Bd2 e3 46. Bxc3 dxc3 47. Kf3 Kd4 48. Ke2 f5 49. Nxb5+ Ke4 50. Nxc3+ Kf4 51. Nd5+ Ke4 52. Nxe3 1-0

[Event "Villalba op 1st"]
[Site "Villalba"]
[Date "2013.07.30"]
[Round "4.18"]
[White "Picazo Sancho, Alvaro"]
[Black "Cabrera Jimenez, Julio"]
[Result "1-0"]
[WhiteElo "1521"]
[BlackElo "1851"]
[PlyCount "137"]
[EventDate "2013.07.27"]
[EventType "swiss"]
[EventRounds "9"]
[EventCountry "ESP"]
[SourceTitle "EXT 2024"]
[Source "ChessBase"]
[SourceDate "2023.10.10"]
[SourceVersion "1"]
[SourceVersionDate "2023.10.10"]
[SourceQuality "1"]

1. e4 c5 2. Nf3 d6 3. d4 cxd4 4. Nxd4 Nf6 5. Nc3 a6 6. Be2 e5 7. Nb3 Be7 8. 0-0 0-0 9. Kh1 b5 10. a4 b4 11. Nd5 Nc6 12. Nxe7+ Nxe7 13. f3 Bb7 14. Be3 a5 15. Qd2 Qc7 16. Rfd1 Rfd8 17. Rac1 Bc6 18. Bb5 Bxb5 19. axb5 Qb7 20. b6 Nc8 21. Nc5 Qxb6 22. Ne6 Qc6 23. Nxd8 Qc7 24. Nxf7 Kxf7 25. Bg5 Ra6 26. Bxf6 Kxf6 27. Qd5 Ne7 28. Qd3 Rc6 29. h4 Ng6 30. g3 Qc8 31. Kh2 Nf8 32. c3 Ne6 33. Qd2 bxc3 34. Rxc3 Nc5 35. Qg5+ Kf7 36. Qf5+ Qxf5 37. exf5 Rb6 38. Rc2 Ke7 39. Ra1 a4 40. Ra3 Rb5 41. Rd2 Kd7 42. g4 Rb4 43. Rc3 Nb3 44. Re2 Nd4 45. Rd2 Nb5 46. Rcd3 Rf4 47. Kg3 Kc6 48. Re3 Nd4 49. Rf2 Kd7 50. Re4 Rxe4 51. fxe4 Ke7 52. g5 Nb3 53. Rc2 Nc5 54. Rc4 Kd7 55. Kf3 Ke7 56. h5 h6 57. Kg4 Kf7 58. g6+ Ke8 59. Rb4 Ke7 60. Kf3 Kf6 61. Rb6 Ke7 62. Rb8 Kf6 63. Rf8+ Kg5 64. Rf7 Kxh5 65. Rxg7 Kg5 66. Rh7 Kf6 67. Rxh6 Nd7 68. Rh7 Nc5 69. Kg4 1-0

[Event "Villalba op 1st"]
[Site "Villalba"]
[Date "2013.07.28"]
[Round "2.1"]
[White "Sanchez Gonzalez, Sergio"]
[Black "Cabrera Jimenez, Julio"]
[Result "1-0"]
[WhiteElo "2304"]
[BlackElo "1851"]
[PlyCount "63"]
[EventDate "2013.07.27"]
[EventType "swiss"]
[EventRounds "9"]
[EventCountry "ESP"]
[SourceTitle "EXT 2024"]
[Source "ChessBase"]
[SourceDate "2023.10.10"]
[SourceVersion "1"]
[SourceVersionDate "2023.10.10"]
[SourceQuality "1"]

1. Nf3 d5 2. c4 c6 3. b3 Nf6 4. g3 e6 5. Bg2 Nbd7 6. Bb2 Be7 7. d3 0-0 8. 0-0 Qc7 9. Nc3 b6 10. e4 dxe4 11. dxe4 Rd8 12. Qc2 Bb7 13. Rad1 Ng4 14. h3 Nge5 15. Nd4 a6 16. f4 Ng6 17. e5 c5 18. Nf3 Rab8 19. Ne4 Bxe4 20. Qxe4 b5 21. f5 exf5 22. Qxf5 Rb6 23. Ng5 Bxg5 24. Qxg5 Re6 25. Bd5 Re7 26. h4 Rde8 27. Rxf7 Rxf7 28. e6 Kh8 29. exf7 Rf8 30. h5 Nge5 31. h6 g6 32. Re1 1-0